Trade and the developing world in the 21st century / (Record no. 11765)
[ view plain ]
| 000 -LEADER | |
|---|---|
| fixed length control field | 00857nam a22002412 4500 |
| 001 - CONTROL NUMBER | |
| control field | 0000025510 |
| 005 - DATE AND TIME OF LATEST TRANSACTION | |
| control field | 20151217154550.0 |
| 008 - FIXED-LENGTH DATA ELEMENTS--GENERAL INFORMATION | |
| fixed length control field | 151009s xx 000 0 eng d |
| 020 ## - INTERNATIONAL STANDARD BOOK NUMBER | |
| International Standard Book Number | 1571050701 : |
| 040 ## - CATALOGING SOURCE | |
| Original cataloging agency | KABU |
| Transcribing agency | KABU |
| 100 1# - MAIN ENTRY--PERSONAL NAME | |
| Personal name | Carl, Beverly M. |
| -- | 0000186200 |
| 245 10 - TITLE STATEMENT | |
| Title | Trade and the developing world in the 21st century / |
| Statement of responsibility, etc. | Beverly M. Carl. |
| 260 ## - PUBLICATION, DISTRIBUTION, ETC. (IMPRINT) | |
| Place of publication, distribution, etc. | Ardsley, New York : |
| Name of publisher, distributor, etc. | Transnational publishers, |
| Date of publication, distribution, etc. | 2001. |
| 300 ## - PHYSICAL DESCRIPTION | |
| Extent | xx, 550 p. |
| 650 #0 - SUBJECT ADDED ENTRY--TOPICAL TERM | |
| Topical term or geographic name as entry element | Developing countries |
| General subdivision | Foreign economic relations. |
| -- | 0000186201 |
| 650 #0 - SUBJECT ADDED ENTRY--TOPICAL TERM | |
| Topical term or geographic name as entry element | World Trade Organization |
| General subdivision | Developing countries. |
| -- | 0000180790 |
| 650 #0 - SUBJECT ADDED ENTRY--TOPICAL TERM | |
| Topical term or geographic name as entry element | Foreign trade regulation. |
| -- | 0000162769 |
| 650 #0 - SUBJECT ADDED ENTRY--TOPICAL TERM | |
| Topical term or geographic name as entry element | Trade blocs. |
| -- | 0000151360 |
| 650 #0 - SUBJECT ADDED ENTRY--TOPICAL TERM | |
| Topical term or geographic name as entry element | International trade. |
| -- | 0000149976 |
| 852 1# - LOCATION | |
| -- | p31500 KES |
| 908 ## - PUT COMMAND PARAMETER (RLIN) | |
| Put command parameter | 151009 |
| 950 ## - LOCAL HOLDINGS (RLIN) | |
| -- | 1 |
| Withdrawn status | Lost status | Source of classification or shelving scheme | Not for loan | Home library | Current library | Date acquired | Total Checkouts | Full call number | Barcode | Date last seen | Date last checked out | Price effective from | Koha item type |
|---|---|---|---|---|---|---|---|---|---|---|---|---|---|
| Library of Congress Classification | Kabarak, Main Campus | Kabarak, Main Campus | 17/12/2015 | 1 | HF1379 .C37 2001 c. 1 | 020417 | 02/08/2024 | 15/07/2016 | 17/12/2015 | General Collection | |||
| Library of Congress Classification | Kabarak, Main Campus | Kabarak, Main Campus | 17/12/2015 | HF1379 .C37 2001 c. 2 | 030472 | 02/08/2024 | 17/12/2015 | General Collection | |||||
| Library of Congress Classification | Kabarak, Nakuru City Campus | Kabarak, Nakuru City Campus | 17/12/2015 | HF1379 .C37 2001 c. 1 | 030468 | 29/07/2020 | 17/12/2015 | General Collection |